[Event "Teplice op 8th"]
[Site "Teplice"]
[Date "2013.06.16"]
[Round "2"]
[White "Okrouhlik, Zdenek"]
[Black "Nguyen, Thai Dai Vinh"]
[Result "1-0"]
[WhiteElo "1863"]
[BlackElo "1391"]
[PlyCount "55"]
[EventDate "2013.06.15"]
[EventType "swiss"]
[EventRounds "9"]
[EventCountry "CZE"]
[SourceTitle "CBM 155 Extra"]
[Source "ChessBase"]
[SourceDate "2013.08.26"]
[SourceVersion "1"]
[SourceVersionDate "2013.08.26"]
[SourceQuality "1"]

1. e4 c5 2. Nf3 a6 3. d4 cxd4 4. Nxd4 Nf6 5. Nc3 e5 6. Nf3 Bb4 7. Bc4 d6 8. 0-0 b5 9. Bd5 Nxd5 10. Nxd5 Bc5 11. Bg5 f6 12. Bd2 0-0 13. a4 Bb7 14. Qe2 Bc6 15. axb5 Bxb5 16. c4 Bc6 17. Ba5 Qc8 18. Ne7+ Kh8 19. Nxc8 Rxc8 20. b4 Ba7 21. b5 axb5 22. cxb5 Bb7 23. Bb4 Bb6 24. Rxa8 Bxa8 25. Bxd6 Nd7 26. h3 Bb7 27. Nh4 g6 28. Qg4 1-0

[Event "CZE-chT2A 1213"]
[Site "Czech Republic"]
[Date "2012.11.18"]
[Round "3.8"]
[White "Hajsman, Martin"]
[Black "Okrouhlik, Zdenek"]
[Result "0-1"]
[WhiteElo "1644"]
[BlackElo "1862"]
[PlyCount "66"]
[EventDate "2012.10.14"]
[EventType "team-tourn"]
[EventRounds "11"]
[EventCountry "CZE"]
[SourceTitle "EXT 2015"]
[Source "ChessBase"]
[SourceDate "2014.11.20"]
[SourceVersion "1"]
[SourceVersionDate "2014.11.20"]
[SourceQuality "1"]
[WhiteTeam "Karlovy Vary II"]
[BlackTeam "Teplice"]
[WhiteTeamCountry "CZE"]
[BlackTeamCountry "CZE"]

1. c4 Nf6 2. Nc3 g6 3. g3 e5 4. Bg2 Bg7 5. d3 0-0 6. Nf3 d6 7. 0-0 Nc6 8. Rb1 Bd7 9. b4 a6 10. a4 Re8 11. Ng5 h6 12. Nge4 Nxe4 13. dxe4 Nd4 14. Be3 c6 15. Qd2 Kh7 16. f4 f5 17. fxe5 dxe5 18. exf5 gxf5 19. Rf2 Be6 20. Qd3 e4 21. Nxe4 fxe4 22. Bxe4+ Kh8 23. Bg6 Bxc4 24. Qxc4 Rxe3 25. Rf7 Qd5 26. Qxd5 cxd5 27. Kf2 Rxe2+ 28. Kf1 Rxh2 29. Kg1 Re2 30. Rd7 Rf8 31. Rxd5 Rff2 32. Rc1 Nf3+ 33. Kh1 Rh2# 0-1

[Event "Teplice op 6th"]
[Site "Teplice"]
[Date "2011.06.11"]
[Round "1"]
[White "Jasny, Stanislav"]
[Black "Okrouhlik, Zdenek"]
[Result "1-0"]
[WhiteElo "2367"]
[BlackElo "1884"]
[PlyCount "51"]
[EventDate "2011.06.11"]
[EventType "swiss"]
[EventRounds "9"]
[EventCountry "CZE"]
[SourceTitle "CBM 142 Extra"]
[Source "ChessBase"]
[SourceDate "2011.06.27"]
[SourceVersion "1"]
[SourceVersionDate "2011.06.27"]
[SourceQuality "1"]

1. e4 c5 2. Nf3 d6 3. d4 cxd4 4. Nxd4 Nf6 5. Nc3 a6 6. Be2 e5 7. Nb3 Be7 8. 0-0 0-0 9. Kh1 Be6 10. f4 exf4 11. Bxf4 Nc6 12. Qe1 Ne5 13. Qg3 Ng6 14. Rad1 Nxf4 15. Qxf4 Qc7 16. Nd4 Rac8 17. Qg3 Kh8 18. Nxe6 fxe6 19. Qh3 e5 20. Qe6 Rce8 21. Rf3 Qc8 22. Bc4 b5 23. Qxc8 Rxc8 24. Be6 Rce8 25. a3 Nh5 26. Bf7 1-0

[Event "Teplice op 5th"]
[Site "Teplice"]
[Date "2010.06.14"]
[Round "3"]
[White "Okrouhlik, Zdenek"]
[Black "Dolezal, Radoslav1111"]
[Result "1/2-1/2"]
[WhiteElo "1811"]
[BlackElo "1976"]
[PlyCount "80"]
[EventDate "2010.06.12"]
[EventType "swiss"]
[EventRounds "9"]
[EventCountry "CZE"]
[SourceTitle "CBM 136 Extra"]
[Source "ChessBase"]
[SourceDate "2010.07.02"]
[SourceVersion "2"]
[SourceVersionDate "2010.07.15"]
[SourceQuality "1"]

1. e4 e5 2. Nf3 Nc6 3. Bb5 a6 4. Bxc6 dxc6 5. 0-0 f6 6. d4 exd4 7. Qxd4 Qxd4 8. Nxd4 Bd7 9. Be3 0-0-0 10. Nd2 h5 11. Rad1 g5 12. e5 g4 13. exf6 Nxf6 14. Bg5 Bg7 15. Rfe1 Rde8 16. c3 c5 17. N4b3 b6 18. Nc4 Ne4 19. Bf4 Bc6 20. Nbd2 Rhf8 21. Be3 h4 22. Nxe4 Bxe4 23. Bg5 h3 24. Ne3 hxg2 25. Nxg2 Bf3 26. Rxe8+ Rxe8 27. Re1 Rxe1+ 28. Nxe1 Bd5 29. a3 Be5 30. f3 gxf3 31. Kf2 b5 32. Nxf3 b4 33. Be7 bxc3 34. bxc3 Bxc3 35. Bxc5 Kd7 36. Ng5 Be5 37. Ke3 Kc6 38. Bd4 Bxd4+ 39. Kxd4 Kb5 40. Kc3 Kc5 1/2-1/2